|
|
|
|
| LEADER |
00000nab a2200000uu 4500 |
| 001 |
vtls011512294 |
| 003 |
SK-MaSNL |
| 005 |
20260303162509.0 |
| 008 |
230302|1901 xo |||||||||||||||||slo| |
| 015 |
|
|
|a SNBRB
|
| 035 |
|
|
|a (urnnbn)urn:nbn:sk:snk:ar-001cfe
|
| 035 |
|
|
|a (uuid)572abec7-1317-43f7-ace1-d4bf5373a656
|
| 035 |
|
|
|a urn:nbn:sk:snk-abe2pd
|
| 040 |
|
|
|a SNKBUCL
|b slo
|c SNKBUCL
|e AACR2
|
| 041 |
0 |
|
|a slo
|
| 044 |
|
|
|a xo
|c SK
|
| 100 |
0 |
|
|a Kýčerský,
|d 1856-1933
|4 aut
|9 264706
|
| 245 |
1 |
0 |
|a Z jarných piesní.
|c Kýčerský
|
| 773 |
0 |
|
|t Slovenské pohľady
|g Roč. 21, č. 6 (1901), s. 335-336
|
| 958 |
|
|
|a OND
|
| 958 |
|
|
|a EUIPO
|
| 958 |
|
|
|a article21
|
| 999 |
|
|
|c 2054739
|d 2056669
|